Komunikácia - základná zručnosť učiteľa (i geografie)

Definícia pojmu komunikácia. Druhy komunikácie. Verbálna komunikácia. Neverbálna komunikácia. Paralingvistika. Komunikačné schopnosti. Pravidlá pedagogickej komunikácie. Aktivity zamerané na rozvoj komunikačných spôsobilostí. Cvičenia pre rozvoj komunikácie žiakov.

Salvato in:
Dettagli Bibliografici
Autore principale: Čižmárová, Katarína
Natura: Capitolo di libro
Lingua:slovacco
Soggetti:
Tags: Aggiungi Tag
Nessun Tag, puoi essere il primo ad aggiungerne!!

MARC

LEADER 00000naa$a2200000$$$4500
001 0038573
005 20230810111745.6
041 0 |a slo 
044 |a SK 
245 1 0 |a Komunikácia - základná zručnosť učiteľa (i geografie)  |c Katarína Čižmárová 
520 |a Definícia pojmu komunikácia. Druhy komunikácie. Verbálna komunikácia. Neverbálna komunikácia. Paralingvistika. Komunikačné schopnosti. Pravidlá pedagogickej komunikácie. Aktivity zamerané na rozvoj komunikačných spôsobilostí. Cvičenia pre rozvoj komunikácie žiakov. 
610 2 0 |a komunikácia 
610 2 0 |a komunikácia interpersonálna 
610 2 0 |a komunikácia neverbálna 
610 2 0 |a učitelia 
610 2 0 |a študenti 
100 1 |a Čižmárová, Katarína